000
00211nam a22000857a 4500
999
_c
23153
_d
23153
005
20220308134106.0
008
220308b ||||| |||| 00| 0 eng d
040
_c
rda
245
_a
Dokážeme zachrániť planétu Zem?